Normal view
MARC view
Entry Topical Term
001 - CONTROL NUMBER
- control field: 11561
003 - CONTROL NUMBER IDENTIFIER
- control field: HDC
005 - DATE AND TIME OF LATEST TRANSACTION
- control field: 20230624073347.0
008 - FIXED-LENGTH DATA ELEMENTS
- fixed length control field: 210207|| aca||aabn | a|a d
040 ## - CATALOGING SOURCE
- Original cataloging agency: HDC
- Transcribing agency: HDC
150 ## - HEADING--TOPICAL TERM
- Topical term or geographic name entry element: halal certification system
- Geographic subdivision: Malaysia
670 ## - SOURCE DATA FOUND
- Source citation: Work cat.: (HDC): MSME News Network 10034, Heads up for homegrown halal , [no year]
